000 01807cam a2200457 a 4500
999 _c478545
_d478545
001 14949920
003 NUST
005 20180604042535.0
008 070801s2008 nyu b 001 0 eng c
010 _a 2007934335
015 _a07,N34,0572
_2dnb
020 _a9780387737164 (alk. paper)
020 _a0387737162 (alk. paper)
020 _a9780387737171 (eISBN)
020 _a0387737170 (eISBN)
035 _a(OCoLC)ocn172979480
038 _aSNS Library
040 _aCOO
_cCOO
_dBTCTA
_dBAKER
_dBWX
_dYDXCP
_dMTG
_dSHH
_dOCLCG
_dVRC
_dDEBBG
_dYUS
_dDLC
042 _apcc
050 0 0 _aQA402.5
_b.J49 2008
082 0 0 _a519.6
_223
084 _aSK 870
_2rvk
100 1 _aJeyakumar, Vaithilingam.
_910816
245 1 0 _aNonsmooth vector functions and continuous optimization /
_cby V. Jeyakumar, D.T. Luc.
260 _aNew York :
_bSpringer,
_cc2008.
300 _ax, 269 p. ;
_c25 cm.
490 1 _aOptimization and its applications ;
_vv. 10
504 _aIncludes bibliographical references (p. [259]-264) and index.
505 0 _aPseudo-Jacobian matrices -- Calculus rules for Pseudo-Jacobians -- Openness of continuous vector functions -- Nonsmooth mathematical programming problems -- Monotone operators and nonsmooth variational inequalities.
650 0 _aNonsmooth optimization.
_910817
650 0 _aVector valued functions.
_910818
650 0 _aMathematical optimization.
_910023
650 0 7 _aNichtglatte Optimierung.
_2swd
_910819
650 0 7 _aVektorfunktion.
_2swd
_910820
700 1 _aDinh, The Luc,
_d1952-
_910821
830 0 _aSpringer optimization and its applications ;
_vv. 10.
_910822
906 _a7
_bcbc
_cpccadap
_d2
_encip
_f20
_gy-gencatlg
942 _2ddc
_cBK